Diagnosing the causes of dampness. (Record no. 115371)
[ view plain ]
| 000 -LEADER | |
|---|---|
| fixed length control field | 00898cam a22002415a 4500 |
| 001 - CONTROL NUMBER | |
| control field | L158545 |
| 008 - FIXED-LENGTH DATA ELEMENTS--GENERAL INFORMATION | |
| fixed length control field | 150417s2015 xxk f 000 0 eng d |
| 020 ## - INTERNATIONAL STANDARD BOOK NUMBER | |
| International Standard Book Number | 9781848064164 |
| 035 ## - SYSTEM CONTROL NUMBER | |
| System control number | (Sirsi) u158545 |
| 041 ## - LANGUAGE CODE | |
| Language code of text/sound track or separate title | eng |
| 050 ## - LIBRARY OF CONGRESS CALL NUMBER | |
| Classification number | 690 |
| 100 1# - MAIN ENTRY--PERSONAL NAME | |
| Personal name | Houston, John |
| 110 ## - MAIN ENTRY--CORPORATE NAME | |
| Corporate name or jurisdiction name as entry element | Building Research Establishment |
| 245 ## - TITLE STATEMENT | |
| Title | Diagnosing the causes of dampness. |
| 260 ## - PUBLICATION, DISTRIBUTION, ETC. | |
| Place of publication, distribution, etc. | Garston, Watford |
| Name of publisher, distributor, etc. | Building Research Establishment |
| Date of publication, distribution, etc. | 2015 |
| 300 ## - PHYSICAL DESCRIPTION | |
| Extent | 4p. : ill. ; 30cm. |
| 490 ## - SERIES STATEMENT | |
| Series statement | BRE Good Repair Guide |
| Volume/sequential designation | GR 5 |
| 520 ## - SUMMARY, ETC. | |
| Summary, etc. | Provides advice on how to identify the potential causes of dampness in homes. It replaces the guidance published in 1997. The other guides in the series, Good Repair Guides 6-8, cover specific remedial treatment for the principal causes of dampness. |
| 650 ## - SUBJECT ADDED ENTRY--TOPICAL TERM | |
| Topical term or geographic name entry element | DAMP |
| 651 #4 - SUBJECT ADDED ENTRY--GEOGRAPHIC NAME | |
| Geographic name | ENGLAND AND WALES |
| 690 ## - LOCAL SUBJECT ADDED ENTRY--TOPICAL TERM (OCLC, RLIN) | |
| Topical term or geographic name as entry element | Building materials and defects |
| 942 ## - ADDED ENTRY ELEMENTS (KOHA) | |
| Suppress in OPAC | 0 |
| Withdrawn status | Lost status | Source of classification or shelving scheme | Damaged status | Not for loan | Home library | Current library | Shelving location | Date acquired | Total Checkouts | Full call number | Barcode | Date last seen | Copy number | Price effective from | Koha item type |
|---|---|---|---|---|---|---|---|---|---|---|---|---|---|---|---|
| Dewey Decimal Classification | London | London | BRE publications | 17/04/2015 | BRE | 30078803 | 06/08/2019 | 1 | 06/08/2019 | Book |